000 00472ntaaa2200169 4500
003 01
005 20251027201252.0
008 0714s1973 ag 01
040 _aAR-BaBN
_bspa
_cAR-BaBN
_eaacr
_dRIC
082 _a220.9300 W69
100 _aWilson, Edmund
245 _aLos Rollos del Mar Muerto; los descubrimientos de los manuscritos bíblicos.
250 _a1 ed. :
_bFondode Cultura Económica,
_cc/956
300 _a125 p.
650 _aArqueología
_95159
942 _cBK
999 _c7068
_d7068